| 000 | 00568nam a2200205Ia 4500 | ||
|---|---|---|---|
| 005 | 20260429112030.0 | ||
| 008 | 260429s9999||||xx |||||||||||||| ||und|| | ||
| 020 | _a9781032186832 | ||
| 041 | _aEnglish | ||
| 082 |
_a302.231 _bLEH |
||
| 100 | _aLehmann, Whitney | ||
| 245 | 0 |
_aSocial media theory and communications practice / _cWhitney Lehmann |
|
| 250 | _a1st ed. | ||
| 260 |
_aUnited Kingdom : _bRoutledge, _c2024. |
||
| 300 | _axiii, 205 p.; hb | ||
| 650 | _a Communication media | ||
| 650 | _a Social media | ||
| 650 | _aSocial interaction | ||
| 942 | _cTB | ||
| 999 |
_c51990 _d51990 |
||